000 nam a22 7a 4500
999 _c7813
_d7813
008 171018b xxu||||| |||| 00| 0 eng d
100 _aNCERT
_94287
245 _aMathematics Exemplar-IX
260 _aNew Delhi
_bNCERT
_c2016